Statistics for NASCAR Cup Winners at Kansas Speedway

Click here to take the quiz!

General Stats

  • This quiz has been taken 197 times
    (51 since last reset)
  • The average score is 21 of 30

Answer Stats

HintAnswer% Correct
2013 | 2016 | 2018Kevin Harvick
94%
2006 | 2009Tony Stewart
89%
2016Kyle Busch
89%
2008 | 2011 | 2015Jimmie Johnson
83%
2014 | 2015 | 2020Joey Logano
83%
2001 | 2002 | 2014Jeff Gordon
72%
2017Martin Truex Jr
72%
2012 | 2019 | 2020Denny Hamlin
67%
2012 | 2013Matt Kenseth
67%
2018Chase Elliott
61%
2005Mark Martin
56%
2011 | 2019Brad Keselowski
56%
2007 | 2010Greg Biffle
50%
2003Ryan Newman
44%
2004Joe Nemechek
11%

Score Distribution

Percentile by Number Answered

Percent of People with Each Score

Your Score History

You have not taken this quiz since the last reset